Historia de la vivienda y los asentamientos humanos en Bolivia
Đã lưu trong:
| Tác giả chính: | |
|---|---|
| Định dạng: | Sách |
| Ngôn ngữ: | Tiếng Tây Ban Nha |
| Được phát hành: |
Ciudad de México
Instituto Panamericano de Geografía e Historia
1988
|
| Những chủ đề: | |
| Các nhãn: |
Thêm thẻ
Không có thẻ, Là người đầu tiên thẻ bản ghi này!
|
MARC
| LEADER | 00000nam a2200000 a 4500 | ||
|---|---|---|---|
| 001 | UCV9764 | ||
| 003 | CL-VaPUC | ||
| 008 | 930428e19880000MX |||||||||||||||||spa|d | ||
| 082 | 0 | 4 | |a 728.6 |b GIS |2 21 |
| 100 | |a Gisbert Carbonell, Teresa |e author |9 538714 | ||
| 245 | 1 | 0 | |a Historia de la vivienda y los asentamientos humanos en Bolivia |
| 300 | |a 243 p | ||
| 942 | |c BK | ||
| 945 | |d 19930428 00:00:00 | ||
| 260 | |a Ciudad de México |b Instituto Panamericano de Geografía e Historia |c 1988 | ||
| 650 | 0 | |a Viviendas |x Historia |9 267028 | |
| 651 | 0 | |a Bolivia |9 255454 | |
| 583 | |a last modification |c 19930428 00:00:00 |k Rodrigo Vera | ||
| 999 | |c 215064 |d 215062 | ||
| 952 | |0 0 |1 0 |4 0 |6 728_600000000000000_GIS_1988 |7 0 |8 P |9 199003 |a BIBARQ |b BIBARQ |d 2019-11-14 |i 2663368 |o 728.6 GIS 1988 |p 2663368 |r 2025-01-20 |w 2019-11-14 |y BK |k ARQ | ||